Back in the game #1 / Lori Wilde.
Available copies
- 2 of 2 copies available at LARL/NWRL Consortium.
- 1 of 1 copy available at Lake Agassiz Regional Library. (Show preferred library)
Current holds
0 current holds with 2 total copies.
Show All Copies
| Location | Call Number / Copy Notes | Barcode | Shelving Location | Status | Due Date |
|---|---|---|---|---|---|
| Moorhead Public Library | WIL (Text) | 33500012017646 | Main | Available | - |
| Roseau Public Library | pb WIL (Text) | 35500006091589 | Main | Available | - |
Record details
- ISBN: 0062311263
- ISBN: 9780062311269
- Physical Description: 369 pages ; 17 cm.
- Publisher: New York, New York : Avon, an imprint of HarperCollinsPublishers, [2015]
Content descriptions
| Summary, etc.: | Convinced there's more to Rowdy than a good ... Read More |
Search for related items by subject
| Subject: | Baseball players > Fiction. Women ghostwriters > Fiction. Man-woman relationships > Fiction. Texas > Fiction. |
| Genre: | Love stories. |
Search for related items by series
| LDR | 01713cam a2200397Ii 4500 | ||
|---|---|---|---|
| 001 | 176153 | ||
| 003 | LARL_NWRL_CONSORTIUM | ||
| 005 | 20150306143646.0 | ||
| 008 | 140606t20152015nyu 000 1 eng d | ||
| 020 | . | ‡a0062311263 | |
| 020 | . | ‡a9780062311269 | |
| 035 | . | ‡a(OCoLC)881139454 | |
| 040 | . | ‡aYDXCP ‡beng ‡cYDXCP ‡dBTCTA ‡dOCLCQ ‡dGP4 ‡dIH7 ‡dIMD | |
| 050 | 1 | 4. | ‡aPS3623.I536 ‡bB33 2015 |
| 082 | 0 | 4. | ‡a813.6 ‡223 |
| 100 | 1 | . | ‡aWilde, Lori, ‡eauthor. ‡0(LARL_NWRL_CONSORTIUM)135968 |
| 245 | 1 | 0. | ‡aBack in the game ‡n#1 / ‡cLori Wilde. |
| 260 | . | ‡aNew York, New York : ‡bAvon, an imprint of HarperCollinsPublishers, ‡c[2015] | |
| 260 | . | ‡c©2015 | |
| 300 | . | ‡a369 pages ; ‡c17 cm. | |
| 336 | . | ‡atext ‡btxt ‡2rdacontent | |
| 337 | . | ‡aunmediated ‡bn ‡2rdamedia | |
| 338 | . | ‡avolume ‡bnc ‡2rdacarrier | |
| 490 | 0 | . | ‡aStardust, Texas ; ‡v1 |
| 520 | . | ‡aConvinced there's more to Rowdy than a good fastball, a wicked smile, and a tight pair of pants, Breeanne can't help but be tempted. After all, it's boring always being the good girl, and Rowdy dares her to be just a little bad. The stakes are high, but win or lose, this time Breeanne's breaking all the rules playing the game of love. | |
| 650 | 0. | ‡aBaseball players ‡vFiction. ‡0(LARL_NWRL_CONSORTIUM)163657 | |
| 650 | 0. | ‡aWomen ghostwriters ‡vFiction. | |
| 650 | 0. | ‡aMan-woman relationships ‡vFiction. ‡0(LARL_NWRL_CONSORTIUM)165985 | |
| 651 | 0. | ‡aTexas ‡vFiction. ‡0(LARL_NWRL_CONSORTIUM)167647 | |
| 655 | 7. | ‡aLove stories. ‡2gsafd | |
| 948 | . | ‡hNO HOLDINGS IN LAL - 82 OTHER HOLDINGS | |
| 994 | . | ‡aZ0 ‡bLAL | |
| 901 | . | ‡a176153 ‡bOCLC ‡c176153 ‡tbiblio | |

Add to basket
Permalink
Disable Highlighting